[Event "Portuguese Masters"]
[Site "Aveiro"]
[Date "2023.12.22"]
[Round "9"]
[White "Farias, David Nuno ME"]
[Black "Ribeiro, Gustavo"]
[Result "1-0"]
[WhiteElo "2133"]
[BlackElo "2187"]
[PlyCount "153"]
[EventDate "2023.12.16"]
[EventType "tourn"]
[EventRounds "9"]
[EventCountry "POR"]
[SourceTitle "CB52_2023"]
[SourceDate "2023.12.27"]
[SourceVersion "1"]
[SourceVersionDate "2023.12.27"]
[SourceQuality "1"]

1. e4 e5 2. Nf3 Nc6 3. Bb5 Nf6 4. 0-0 Nxe4 5. Re1 Nd6 6. a4 Be7 7. Nc3 0-0 8. d4 e4 9. Nxe4 Nxe4 10. Rxe4 d5 11. Re1 Bg4 12. Bxc6 bxc6 13. Qd3 Bxf3 14. Qxf3 Bf6 15. c3 a5 16. Bf4 Rb8 17. Re2 Rb3 18. Qg3 Bxd4 19. Bxc7 Qa8 20. Qd6 Bb6 21. Bxb6 Rxb6 22. b4 Qb8 23. Qd7 Qd8 24. Qxd8 Rxd8 25. Rb1 Rdb8 26. Kf1 Kf8 27. Reb2 Ke7 28. Ke2 c5 29. b5 Kd6 30. Kd3 c4+ 31. Kd2 Re8 32. Re1 Re6 33. Rbb1 Kc5 34. Rxe6 fxe6 35. Re1 Kd6 36. f4 h6 37. h4 Rb8 38. Re5 Rf8 39. Ke3 Rf6 40. g4 Rf8 41. g5 h5 42. g6 Rf6 43. Rg5 Kc5 44. Rxh5 Rxg6 45. Rg5 Rh6 46. h5 Kd6 47. Kf3 Rh7 48. Kg4 Ke7 49. Rg6 Kd7 50. b6 Rh8 51. Rxg7+ Kc6 52. Re7 Rg8+ 53. Kf3 Kxb6 54. Rxe6+ Kc5 55. Ra6 Rg1 56. Rxa5+ Kc6 57. Ra6+ Kc5 58. Ra5+ Kc6 59. Ra6+ Kc5 60. h6 Rh1 61. Kg4 Rc1 62. Rf6 Rg1+ 63. Kf3 Rh1 64. a5 d4 65. Rf5+ Kd6 66. cxd4 Rxh6 67. Rc5 Rh3+ 68. Ke2 Ra3 69. Rxc4 Kd5 70. Rc5+ Kxd4 71. Re5 Kc4 72. Kf2 Kd4 73. Ke2 Kc4 74. Re4+ Kb5 75. Re3 Ra2+ 76. Kf3 Kxa5 77. Rb3 1-0

[Event "Portuguese Masters"]
[Site "Aveiro"]
[Date "2023.12.17"]
[Round "3"]
[White "Goncalves, Samuel Jesus P"]
[Black "Farias, David Nuno ME"]
[Result "1-0"]
[WhiteElo "2165"]
[BlackElo "2133"]
[PlyCount "126"]
[EventDate "2023.12.16"]
[EventType "tourn"]
[EventRounds "9"]
[EventCountry "POR"]
[SourceTitle "CB52_2023"]
[SourceDate "2023.12.27"]
[SourceVersion "1"]
[SourceVersionDate "2023.12.27"]
[SourceQuality "1"]

1. e4 c5 2. Nf3 d6 3. Bb5+ Nd7 4. a4 Ngf6 5. Nc3 a6 6. Be2 g6 7. a5 Bg7 8. 0-0 0-0 9. d3 b5 10. axb6 Bb7 11. Qd2 Nxb6 12. b3 d5 13. exd5 Nbxd5 14. Bb2 Nb4 15. Na4 Qc7 16. Be5 Qc6 17. Ne1 Nd7 18. Bf3 Qc8 19. Bxg7 Kxg7 20. d4 Nc6 21. dxc5 Qc7 22. Qc3+ Nf6 23. Nd3 Rad8 24. Rfe1 Kg8 25. Ne5 Nd4 26. Bxb7 Qxb7 27. c6 Qc7 28. Nc5 Rd5 29. Nxa6 Qd6 30. Nc4 Qf4 31. Qe3 Qh4 32. Nb4 Rg5 33. f4 Ng4 34. Qg3 Qxg3 35. hxg3 Rc5 36. Ra5 Rxa5 37. Nxa5 Ra8 38. c7 Rc8 39. Rxe7 Kf8 40. Nbc6 Ne6 41. Nc4 Rxc7 42. Rxc7 Nxc7 43. N6e5 Nf6 44. Nd6 Ne6 45. b4 Nd5 46. b5 f6 47. c4 Nb6 48. Nc6 Nc5 49. Kf2 h5 50. Ke3 Nb3 51. Kd3 Na4 52. Kc2 Nbc5 53. Kb1 f5 54. Ka2 Kg7 55. Ka3 Kf6 56. Ne5 g5 57. Nc8 Nc3 58. Kb4 N3e4 59. Nd6 Ke6 60. Nxe4 Nxe4 61. c5 Kd5 62. c6 Kd6 63. Nf7+ Kd5 1-0

[Event "Wch U14"]
[Site "Montesilvano"]
[Date "2023.11.22"]
[Round "9"]
[White "Farias, David Nuno ME"]
[Black "Davudov, Tunar"]
[Result "0-1"]
[WhiteElo "2149"]
[BlackElo "2000"]
[PlyCount "133"]
[EventDate "2023.11.13"]
[EventType "swiss"]
[EventRounds "11"]
[EventCountry "ITA"]
[SourceTitle "CB48_2023"]
[SourceDate "2023.11.29"]
[SourceVersion "1"]
[SourceVersionDate "2023.11.29"]
[SourceQuality "1"]

1. e4 c5 2. Nf3 e6 3. d4 cxd4 4. Nxd4 a6 5. c4 Nf6 6. Nc3 d6 7. Be2 Be7 8. 0-0 Qc7 9. Be3 Nbd7 10. Qd2 b6 11. f3 Bb7 12. Rfc1 0-0 13. a3 Rac8 14. b4 Rfe8 15. Rab1 Qb8 16. Kh1 h5 17. Na4 h4 18. Bf1 Qa8 19. Nb3 d5 20. cxd5 exd5 21. e5 Nxe5 22. Nxb6 Rxc1 23. Rxc1 Qb8 24. Nc5 d4 25. Bxd4 Nxf3 26. gxf3 Bxf3+ 27. Bg2 Bxg2+ 28. Qxg2 Qxb6 29. Rf1 Rd8 30. Bf2 Nd5 31. Rd1 Nc7 32. Rxd8+ Bxd8 33. Bd4 Bf6 34. Qe4 Nb5 35. Qe8+ Kh7 36. Qe4+ g6 37. Bxf6 Qxf6 38. Kg2 Nxa3 39. Nd7 Qb2+ 40. Kh3 Nc2 41. Qxh4+ Kg7 42. Qe7 Qc3+ 43. Kg2 Ne3+ 44. Kf2 Ng4+ 45. Ke2 Qc2+ 46. Kf3 Nxh2+ 47. Ke3 Ng4+ 48. Kd4 Qf5 49. Nc5 Qf4+ 50. Kd5 Nf6+ 51. Kc6 Qf3+ 52. Kd6 Qf4+ 53. Kc6 Qf3+ 54. Kd6 Qd5+ 55. Kc7 Qc4 56. Kd8 Qd4+ 57. Kc8 Qg4+ 58. Kd8 Qc4 59. Kc8 g5 60. Qe5 Kg6 61. Kc7 Qxb4 62. Kc6 g4 63. Qe3 Qb5+ 64. Kd6 Qb6+ 65. Ke5 Qxc5+ 66. Qxc5 Nd7+ 67. Kd4 0-1

[Event "Wch U14"]
[Site "Montesilvano"]
[Date "2023.11.15"]
[Round "3"]
[White "Farias, David Nuno ME"]
[Black "Goh, Zi Han"]
[Result "1/2-1/2"]
[WhiteElo "2149"]
[BlackElo "2333"]
[PlyCount "103"]
[EventDate "2023.11.13"]
[EventType "swiss"]
[EventRounds "11"]
[EventCountry "ITA"]
[SourceTitle "CB48_2023"]
[SourceDate "2023.11.29"]
[SourceVersion "1"]
[SourceVersionDate "2023.11.29"]
[SourceQuality "1"]

1. e4 c5 2. Nf3 d6 3. d4 cxd4 4. Qxd4 Nc6 5. Bb5 Bd7 6. Qd3 g6 7. c4 Bg7 8. Nc3 Nf6 9. h3 a6 10. Bxc6 Bxc6 11. 0-0 0-0 12. Nd4 Rc8 13. Be3 Nd7 14. Rac1 Qe8 15. Rfd1 Nc5 16. Qc2 b5 17. b4 Nd7 18. cxb5 Bxb5 19. Ndxb5 axb5 20. Qd3 Rc4 21. Nd5 Ne5 22. Qe2 e6 23. Rxc4 Nxc4 24. Nb6 Nxe3 25. Qxe3 Qc6 26. Rc1 Qb7 27. Rd1 Rb8 28. Rxd6 Bf8 29. Rd7 Qxb6 30. Qf4 Be7 31. Rxe7 Rf8 32. Qd2 Rd8 33. Rd7 Rxd7 34. Qxd7 Qa6 35. Qd8+ Kg7 36. Qd4+ Kg8 37. Qd2 Qc6 38. Qd8+ Kg7 39. Qd4+ Kg8 40. Qc5 Qd7 41. Kh2 h5 42. a3 Kg7 43. Qe5+ Kg8 44. g3 Qd2 45. Qc5 Qd3 46. Qc6 h4 47. gxh4 Qf3 48. Kg1 Qxh3 49. Qxb5 Qg4+ 50. Kf1 Qd1+ 51. Kg2 Qg4+ 52. Kf1 1/2-1/2

[Event "Wch U14"]
[Site "Montesilvano"]
[Date "2023.11.14"]
[Round "2"]
[White "Sharshenbekov, Emir"]
[Black "Farias, David Nuno ME"]
[Result "0-1"]
[WhiteElo "1893"]
[BlackElo "2149"]
[PlyCount "80"]
[EventDate "2023.11.13"]
[EventType "swiss"]
[EventRounds "11"]
[EventCountry "ITA"]
[SourceTitle "CB48_2023"]
[SourceDate "2023.11.29"]
[SourceVersion "1"]
[SourceVersionDate "2023.11.29"]
[SourceQuality "1"]

1. e4 c5 2. Nc3 d6 3. g3 Nc6 4. Bg2 g6 5. d3 Bg7 6. Be3 Rb8 7. Qd2 b5 8. Nd1 b4 9. c3 bxc3 10. bxc3 Ba6 11. f4 e5 12. Ne2 Nf6 13. Nf2 0-0 14. f5 c4 15. fxg6 hxg6 16. d4 exd4 17. cxd4 Nb4 18. 0-0 Nd3 19. Rfb1 Nxf2 20. Bxf2 Ng4 21. Be1 c3 22. Nxc3 Qf6 23. Rd1 Bh6 24. Nd5 Qh8 25. Nf6+ Qxf6 26. Qa5 Be2 27. e5 dxe5 28. dxe5 Be3+ 29. Kh1 Qb6 30. Qa4 Bxd1 31. Rxd1 Nf2+ 32. Bxf2 Bxf2 33. Bd5 Rbd8 34. Qe4 Kg7 35. Qf4 Be3 36. Qe4 Bg5 37. Rd4 Qc5 38. h4 Be7 39. Rd3 Qc1+ 40. Kg2 Qc2+ 0-1

[Event "Maia op 7th"]
[Site "Maia"]
[Date "2023.08.25"]
[Round "1"]
[White "Farias, David Nuno ME"]
[Black "Halkias, Stelios"]
[Result "0-1"]
[WhiteElo "2084"]
[BlackElo "2506"]
[PlyCount "108"]
[EventDate "2023.08.25"]
[EventType "swiss"]
[EventRounds "9"]
[EventCountry "POR"]
[SourceTitle "EXT 2024"]
[Source "ChessBase"]
[SourceDate "2023.10.10"]
[SourceVersion "1"]
[SourceVersionDate "2023.10.10"]
[SourceQuality "1"]

1. e4 e5 2. Nf3 Nc6 3. Bb5 a6 4. Ba4 Nf6 5. 0-0 Be7 6. Re1 b5 7. Bb3 d6 8. c3 0-0 9. h3 Nb8 10. d4 Nbd7 11. Nbd2 Bb7 12. Bc2 Re8 13. Nf1 Bf8 14. Ng3 g6 15. a4 Nb6 16. Qd3 Nxa4 17. Bxa4 bxa4 18. Rxa4 Nd7 19. Bg5 Qc8 20. Qd2 Bg7 21. Nh2 Nf6 22. Raa1 exd4 23. Qf4 Re6 24. cxd4 Qe8 25. Rac1 Nxe4 26. Nxe4 Rxe4 27. Rxe4 Qxe4 28. Qxe4 Bxe4 29. Rxc7 h5 30. Nf1 Rb8 31. Ne3 Rxb2 32. d5 Rb1+ 33. Kh2 Be5+ 34. f4 Bd4 35. Rc4 Bxe3 36. Rxe4 Bg1+ 37. Kh1 f6 38. Bh6 Bf2+ 39. Kh2 h4 40. g4 hxg3+ 41. Kg2 Kf7 42. Re6 Rb2 43. Kf3 a5 44. Re4 Rb4 45. Re2 a4 46. Rc2 Rb3+ 47. Kg2 Bc5 48. f5 g5 49. h4 gxh4 50. Bc1 Rd3 51. Ra2 a3 52. Kh3 Rd1 53. Bf4 Rh1+ 54. Kg4 Rh2 0-1

[Event "POR Cup 44th"]
[Site "Sao Joao da Madeira"]
[Date "2023.07.15"]
[Round "1.3"]
[White "Farias, David Nuno ME"]
[Black "Louis, Corentin"]
[Result "1-0"]
[WhiteElo "2050"]
[BlackElo "2076"]
[PlyCount "117"]
[EventDate "2023.07.15"]
[EventType "team-swiss"]
[EventRounds "2"]
[EventCountry "POR"]
[SourceTitle "CBM 215 Extra"]
[Source "ChessBase"]
[SourceDate "2023.09.30"]
[SourceVersion "1"]
[SourceVersionDate "2023.09.30"]
[SourceQuality "1"]
[WhiteTeam "Colegio Portugues"]
[BlackTeam "Alekhine"]
[WhiteTeamCountry "POR"]
[BlackTeamCountry "POR"]

1. e4 d5 2. exd5 Nf6 3. d4 Bg4 4. f3 Bf5 5. g4 Bg6 6. c4 e6 7. Nc3 Be7 8. dxe6 Nc6 9. Be3 fxe6 10. Bd3 0-0 11. Bxg6 hxg6 12. Qd3 e5 13. d5 e4 14. Nxe4 Ne5 15. Qd4 Nxe4 16. Qxe4 Bh4+ 17. Kd1 Qf6 18. Kc2 Rae8 19. Bd4 Qg5 20. Nh3 Qh6 21. Bxe5 Bf6 22. g5 Qxh3 23. gxf6 Qg2+ 24. Kb3 Rxf6 25. Rhe1 Rxf3+ 26. Re3 Rxe3+ 27. Qxe3 b5 28. Re1 bxc4+ 29. Kxc4 Qc2+ 30. Qc3 Qa4+ 31. Kd3 Qxa2 32. Qxc7 Qxd5+ 33. Kc2 Qf7 34. Qxf7+ Kxf7 35. Bc3 Rh8 36. Re2 g5 37. Kd3 Rh3+ 38. Kc4 Rh6 39. Kb5 Rb6+ 40. Ka5 Rc6 41. Rg2 Rh6 42. Rxg5 g6 43. Rg2 Ke6 44. Ka6 Kd5 45. Kxa7 Kc4 46. Kb7 Kd5 47. Kb6 Kc4 48. Kc7 Kd5 49. Kd7 Rh7+ 50. Ke8 Ke4 51. Kf8 Kf3 52. Rd2 g5 53. Kg8 Rb7 54. Rd3+ Ke4 55. Rd4+ Kf5 56. Rb4 Rd7 57. Rb5+ Kg6 58. Rb6+ Kh5 59. Be5 1-0

[Event "Gijon op 1st"]
[Site "Gijon"]
[Date "2023.06.27"]
[Round "2"]
[White "Plazuelo Pascual, Juan"]
[Black "Farias, David Nuno ME"]
[Result "1-0"]
[WhiteElo "2465"]
[BlackElo "2043"]
[PlyCount "83"]
[EventDate "2023.06.26"]
[EventType "swiss"]
[EventRounds "9"]
[EventCountry "ESP"]
[SourceTitle "EXT 2024"]
[Source "ChessBase"]
[SourceDate "2023.10.10"]
[SourceVersion "1"]
[SourceVersionDate "2023.10.10"]
[SourceQuality "1"]

1. e4 c5 2. Nf3 d6 3. d4 cxd4 4. Nxd4 Nf6 5. Nc3 a6 6. h4 e5 7. Nb3 Be7 8. Be2 Be6 9. f4 exf4 10. Bxf4 Nc6 11. Qd2 0-0 12. 0-0-0 Ne5 13. Qe3 Qc7 14. Nd4 Rac8 15. Nxe6 fxe6 16. Qh3 Kh8 17. Qxe6 b5 18. a3 Rfe8 19. Qb3 Qc6 20. Rd4 Ned7 21. Bf3 Nc5 22. Qa2 Qc7 23. Rd2 Bf8 24. Re1 Nfd7 25. Bh5 g6 26. Bg4 Rcd8 27. Nd5 Qc6 28. Bxd7 Nxd7 29. Nb4 Qc8 30. h5 Ne5 31. hxg6 Nxg6 32. Bg5 Rd7 33. Nd5 Rb7 34. Qb3 Bg7 35. Nf6 Re6 36. Qh3 Bxf6 37. Bxf6+ Kg8 38. Rxd6 Kf7 39. Qxh7+ Kxf6 40. Rxe6+ Kxe6 41. Qxg6+ Kd7 42. Rd1+ 1-0

[Event "Lisbon Portugal rapid op"]
[Site "Lisbon"]
[Date "2022.09.04"]
[Round "10"]
[White "Farias, David Nuno ME"]
[Black "Guerreiro, Nuno M"]
[Result "0-1"]
[WhiteElo "1933"]
[BlackElo "2065"]
[PlyCount "42"]
[EventDate "2022.09.03"]
[EventType "swiss (rapid)"]
[EventRounds "11"]
[EventCountry "POR"]
[SourceTitle "CBM 210 Extra"]
[Source "ChessBase"]
[SourceDate "2022.11.30"]
[SourceVersion "1"]
[SourceVersionDate "2022.11.30"]
[SourceQuality "1"]

1. e4 Nc6 2. Nf3 Nf6 3. e5 Ng4 4. d4 d6 5. h3 Nh6 6. Bb5 a6 7. Bxc6+ bxc6 8. 0-0 e6 9. c4 Nf5 10. Nc3 Be7 11. d5 cxd5 12. cxd5 0-0 13. Bf4 Rb8 14. Qe2 Rb4 15. Bh2 Re8 16. a3 Rb6 17. Rfd1 Bf8 18. Qc2 Bd7 19. dxe6 fxe6 20. g4 Nh4 21. Nxh4 Qxh4 0-1

[Event "Lisbon Portugal rapid op"]
[Site "Lisbon"]
[Date "2022.09.03"]
[Round "5"]
[White "Fernandes, Ricardo Paulos"]
[Black "Farias, David Nuno ME"]
[Result "1-0"]
[WhiteElo "2080"]
[BlackElo "1933"]
[PlyCount "117"]
[EventDate "2022.09.03"]
[EventType "swiss (rapid)"]
[EventRounds "11"]
[EventCountry "POR"]
[SourceTitle "CBM 210 Extra"]
[Source "ChessBase"]
[SourceDate "2022.11.30"]
[SourceVersion "1"]
[SourceVersionDate "2022.11.30"]
[SourceQuality "1"]

1. e4 c5 2. Nc3 e6 3. Nf3 Nc6 4. Bb5 Qc7 5. 0-0 Nd4 6. Nxd4 cxd4 7. Ne2 Nf6 8. d3 a6 9. Bc4 Bc5 10. Bf4 d6 11. Bg5 Ng4 12. h3 Ne5 13. Bb3 0-0 14. f4 Nc6 15. Ng3 b5 16. Qg4 Kh8 17. Nh5 f6 18. Bh4 Qe7 19. Rae1 e5 20. f5 Bd7 21. Qe2 Be8 22. g4 Bf7 23. Kh1 Bxb3 24. axb3 Qf7 25. Rg1 d5 26. g5 fxg5 27. Bxg5 Rg8 28. Ng3 Be7 29. Bc1 Bf6 30. Qg2 Nb4 31. Qd2 a5 32. c3 dxc3 33. bxc3 Nc6 34. exd5 Qxd5+ 35. Ne4 Rad8 36. Re3 b4 37. c4 Qf7 38. Bb2 Nd4 39. Bxd4 Rxd4 40. Qg2 Be7 41. Rg3 Bh4 42. Rg4 Bd8 43. Qf3 Be7 44. f6 g6 45. Rf1 Bd8 46. Ng5 Qd7 47. Rxd4 exd4 48. Qe4 h6 49. f7 Bxg5 50. fxg8Q+ Kxg8 51. Qd5+ Qxd5+ 52. cxd5 Kg7 53. d6 Bd8 54. Kg2 Bf6 55. d7 Bd8 56. Rf4 a4 57. bxa4 b3 58. Rxd4 b2 59. Rb4 1-0

[Event "POR-ch Blitz"]
[Site "Viseu"]
[Date "2022.06.11"]
[Round "2"]
[White "Farias, David Nuno ME"]
[Black "Martins, Bruno Andre Leite"]
[Result "0-1"]
[WhiteElo "1938"]
[BlackElo "2329"]
[PlyCount "71"]
[EventDate "2022.06.11"]
[EventType "swiss (blitz)"]
[EventRounds "11"]
[EventCountry "POR"]
[SourceTitle "CBM 208 Extra"]
[Source "ChessBase"]
[SourceDate "2022.07.31"]
[SourceVersion "1"]
[SourceVersionDate "2022.07.31"]
[SourceQuality "1"]

1. e4 e6 2. d4 d5 3. Nd2 Nf6 4. e5 Nfd7 5. Bd3 c5 6. c3 b6 7. Ne2 Ba6 8. Bxa6 Nxa6 9. 0-0 h5 10. f4 g6 11. Nf3 Nc7 12. Be3 c4 13. Bf2 b5 14. Bh4 Be7 15. Ng5 Nb6 16. Ng3 Qd7 17. Qc2 a5 18. b3 b4 19. Nf3 Nb5 20. Bxe7 Qxe7 21. cxb4 axb4 22. Rfd1 Kd7 23. Qe2 Rhc8 24. Nd2 Nc3 25. Qf3 Nxd1 26. Rxd1 c3 27. Ndf1 Rxa2 28. Ne3 Rca8 29. Qf1 Rb2 30. Qb5+ Kc7 31. f5 gxf5 32. Ngxf5 exf5 33. Qxb6+ Kxb6 34. Nxd5+ Kb5 35. Nxe7 c2 36. h3 0-1

[Event "Famalicao op 8th"]
[Site "Vila Nova de Famalicao"]
[Date "2021.07.28"]
[Round "5"]
[White "Farias, David Nuno ME"]
[Black "Martins, Diogo Faria Oliveir"]
[Result "1/2-1/2"]
[WhiteElo "1617"]
[BlackElo "2031"]
[PlyCount "106"]
[EventDate "2021.07.26"]
[EventType "swiss"]
[EventRounds "9"]
[EventCountry "POR"]
[SourceTitle "CBM 203 Extra"]
[Source "ChessBase"]
[SourceDate "2021.09.30"]
[SourceVersion "1"]
[SourceVersionDate "2021.09.30"]
[SourceQuality "1"]

1. e4 c5 2. Nf3 g6 3. d4 cxd4 4. Nxd4 Nc6 5. Nc3 Bg7 6. Be3 Nf6 7. Bc4 Qa5 8. 0-0 0-0 9. Bb3 d6 10. h3 Bd7 11. Re1 Rfc8 12. Nd5 Qd8 13. Nxf6+ Bxf6 14. f4 Na5 15. Qd3 Nxb3 16. axb3 a5 17. c3 Qe8 18. Nf3 b5 19. Bd4 Bxd4+ 20. cxd4 b4 21. d5 Bb5 22. Qd4 Qd7 23. Kh2 Qa7 24. Rec1 Rxc1 25. Rxc1 Qxd4 26. Nxd4 Bd3 27. Re1 Kf8 28. Kg3 a4 29. bxa4 Rxa4 30. Re3 Bb1 31. b3 Ra5 32. Kf3 Ke8 33. Nc6 Rb5 34. Ke2 Kd7 35. g4 e6 36. Nd4 Rc5 37. dxe6+ fxe6 38. Nf3 Rc2+ 39. Nd2 Ba2 40. f5 Ke7 41. fxg6 hxg6 42. h4 Rc1 43. h5 gxh5 44. gxh5 Rh1 45. Rg3 Rxh5 46. Rg7+ Kf6 47. Ra7 Rh2+ 48. Kd3 Rxd2+ 49. Kxd2 Bxb3 50. Rb7 Ke5 51. Rxb4 Ba2 52. Kc2 d5 53. exd5 Bxd5 1/2-1/2

[Event "EU-ch U10"]
[Site "Bratislava"]
[Date "2019.08.10"]
[Round "9"]
[White "Farias, David Nuno ME"]
[Black "Panda, Barnabas"]
[Result "1-0"]
[WhiteElo "1426"]
[BlackElo "1675"]
[PlyCount "61"]
[EventDate "2019.08.02"]
[EventType "swiss"]
[EventRounds "9"]
[EventCountry "SVK"]
[SourceTitle "EXT 2020"]
[Source "ChessBase"]
[SourceDate "2019.10.17"]
[SourceVersion "1"]
[SourceVersionDate "2019.10.17"]
[SourceQuality "1"]

1. e4 c5 2. Nf3 Nc6 3. d4 cxd4 4. Nxd4 Nf6 5. Nc3 d6 6. Be3 Ng4 7. Nf5 Nxe3 8. Nxe3 e6 9. Be2 Be7 10. 0-0 0-0 11. Kh1 a6 12. f4 b5 13. a3 Qb6 14. Qd2 Bb7 15. Rad1 Rac8 16. Rf3 Bf6 17. Ng4 Bxc3 18. bxc3 Rfd8 19. Rg3 Ne7 20. f5 exf5 21. exf5 Nxf5 22. Nh6+ Nxh6 23. Qxh6 g6 24. Rh3 Qf2 25. Qxh7+ Kf8 26. Bf3 Qb6 27. Rf1 d5 28. Bg4 Rc7 29. Qh8+ Ke7 30. Qe5+ Kf8 31. Rh8# 1-0

[Event "EU-ch U10"]
[Site "Bratislava"]
[Date "2019.08.05"]
[Round "4"]
[White "Khoo Thwe, Louis"]
[Black "Farias, David Nuno ME"]
[Result "1/2-1/2"]
[WhiteElo "1827"]
[BlackElo "1426"]
[PlyCount "83"]
[EventDate "2019.08.02"]
[EventType "swiss"]
[EventRounds "9"]
[EventCountry "SVK"]
[SourceTitle "EXT 2020"]
[Source "ChessBase"]
[SourceDate "2019.10.17"]
[SourceVersion "1"]
[SourceVersionDate "2019.10.17"]
[SourceQuality "1"]

1. e4 e5 2. Nf3 Nc6 3. Bc4 Bc5 4. c3 Nf6 5. d3 0-0 6. 0-0 h6 7. a4 a5 8. Nbd2 d6 9. Re1 Ba7 10. Nf1 Be6 11. Bxe6 fxe6 12. Qb3 Qd7 13. Be3 Bxe3 14. Nxe3 Nh5 15. d4 exd4 16. Nxd4 Nxd4 17. cxd4 Nf4 18. Rac1 c6 19. Nc4 Qc7 20. e5 d5 21. Nd6 Qe7 22. Rc3 Qg5 23. Rg3 Ne2+ 24. Kf1 Nxg3+ 25. hxg3 Qh5 26. Kg1 Qg5 27. f4 Qe7 28. Kf2 Qd7 29. Ke3 Rfb8 30. Rc1 b5 31. axb5 cxb5 32. f5 a4 33. fxe6 Qxe6 34. Qa2 b4 35. Rc7 Rb6 36. Kd2 Rxd6 37. exd6 Qxd6 38. Rb7 b3 39. Rxb3 Qf6 40. Rd3 Qf2+ 41. Kd1 Qf1+ 42. Kd2 1/2-1/2

[Event "Ponteareas op 2nd"]
[Site "Ponteareas"]
[Date "2019.04.21"]
[Round "4"]
[White "Farias, David Nuno ME"]
[Black "Represas Gomez, Lucas"]
[Result "1-0"]
[WhiteElo "1255"]
[BlackElo "1388"]
[PlyCount "57"]
[EventDate "2019.04.20"]
[EventType "swiss"]
[EventRounds "5"]
[EventCountry "ESP"]
[SourceTitle "CBM 190 Extra"]
[Source "ChessBase"]
[SourceDate "2019.07.15"]
[SourceVersion "1"]
[SourceVersionDate "2019.07.15"]
[SourceQuality "1"]

1. e4 c5 2. Nf3 e6 3. d4 cxd4 4. Nxd4 a6 5. Bd3 Nf6 6. 0-0 Bc5 7. Be3 Qb6 8. c3 Qxb2 9. Nb3 Bb4 10. Qe1 Nc6 11. Bc1 Qxa1 12. Nxa1 Be7 13. Nb3 0-0 14. Nd4 Ne5 15. Bc2 d6 16. f4 Ng6 17. e5 dxe5 18. fxe5 Nd7 19. Bxg6 hxg6 20. Nd2 Nb6 21. Ne4 Nc4 22. Ng5 Bd7 23. Rf3 Bxg5 24. Bxg5 Rfe8 25. Qh4 f5 26. exf6 Ne5 27. Rh3 Kf7 28. fxg7 Rg8 29. Qf4+ 1-0

[Event "Ponteareas op 2nd"]
[Site "Ponteareas"]
[Date "2019.04.20"]
[Round "3"]
[White "Pazos Garcia, Anxo"]
[Black "Farias, David Nuno ME"]
[Result "1-0"]
[WhiteElo "1509"]
[BlackElo "1255"]
[PlyCount "59"]
[EventDate "2019.04.20"]
[EventType "swiss"]
[EventRounds "5"]
[EventCountry "ESP"]
[SourceTitle "CBM 190 Extra"]
[Source "ChessBase"]
[SourceDate "2019.07.15"]
[SourceVersion "1"]
[SourceVersionDate "2019.07.15"]
[SourceQuality "1"]

1. Nf3 d5 2. g3 Nf6 3. Bg2 e6 4. d3 Bd6 5. Nbd2 0-0 6. e4 dxe4 7. dxe4 Nc6 8. 0-0 e5 9. c3 h6 10. b4 Be6 11. a4 a6 12. Rb1 b5 13. a5 Ne7 14. Qc2 Rc8 15. Nxe5 Bxe5 16. f4 Bd6 17. e5 Bxe5 18. fxe5 Ng4 19. Nf3 Bf5 20. Qb2 Bxb1 21. Qxb1 Nd5 22. Qe4 Nxh2 23. Kxh2 Nxc3 24. Qg4 Kh7 25. Bb2 Nd5 26. Nh4 g6 27. Rxf7+ Rxf7 28. Qxg6+ Kh8 29. Qxf7 Qg8 30. e6+ 1-0

[Event "POR-ch Amateur U1600"]
[Site "Braga"]
[Date "2018.09.08"]
[Round "3"]
[White "Farias, David Nuno ME"]
[Black "Fernandes, Tiago Joao Carneiro"]
[Result "1-0"]
[WhiteElo "1183"]
[BlackElo "1232"]
[PlyCount "147"]
[EventDate "2018.09.06"]
[EventType "swiss"]
[EventRounds "5"]
[EventCountry "POR"]
[SourceTitle "EXT 2024"]
[Source "ChessBase"]
[SourceDate "2023.10.10"]
[SourceVersion "1"]
[SourceVersionDate "2023.10.10"]
[SourceQuality "1"]

1. e4 e5 2. Nf3 Nc6 3. Bc4 Bc5 4. 0-0 d6 5. d3 Bg4 6. c3 Na5 7. Nbd2 Nxc4 8. Nxc4 Qf6 9. Bg5 Qg6 10. Qa4+ c6 11. Ncd2 h6 12. Be3 Bxe3 13. fxe3 Nf6 14. Rae1 0-0 15. Kh1 a5 16. c4 Rfb8 17. c5 Nd7 18. cxd6 c5 19. Qb3 Be6 20. Qb5 Ra6 21. Nc4 Bxc4 22. Qxc4 Rxd6 23. Rd1 b5 24. Qc2 c4 25. dxc4 Rc8 26. Rxd6 Qxd6 27. b3 Nb6 28. Rd1 Qe6 29. Qc3 f6 30. Qxa5 bxc4 31. bxc4 Nxc4 32. Qc3 Qb6 33. Rd3 Qb7 34. Qb3 Qxe4 35. Nd2 Qh4 36. h3 Qe1+ 37. Kh2 Qc1 38. Nxc4 Rxc4 39. Rd1 Qc3 40. Qxc3 Rxc3 41. Re1 Ra3 42. Re2 g5 43. Kg3 f5 44. Kf2 Kf7 45. g3 f4 46. gxf4 exf4 47. exf4 gxf4 48. Re4 Rxa2+ 49. Ke1 Ra1+ 50. Kf2 Ra2+ 51. Kf3 Ra3+ 52. Kg4 Ra4 53. Rxa4 Kg6 54. Kxf4 Kh5 55. Kg3 Kg5 56. Ra5+ Kf6 57. Kf4 Kg6 58. Rb5 h5 59. h4 Kh6 60. Rb6+ Kg7 61. Ke5 Kf7 62. Ra6 Kg7 63. Kf5 Kh7 64. Kg5 Kg7 65. Ra7+ Kf8 66. Kg6 Ke8 67. Kf6 Kd8 68. Ke6 Kc8 69. Kd6 Kb8 70. Rh7 Kc8 71. Rg7 Kb8 72. Kc6 Ka8 73. Kb6 Kb8 74. Rg8# 1-0

[Event "POR-ch Amateur U1600"]
[Site "Braga"]
[Date "2018.09.07"]
[Round "2"]
[White "Duarte, Duarte Antonio V"]
[Black "Farias, David Nuno ME"]
[Result "0-1"]
[WhiteElo "1019"]
[BlackElo "1183"]
[PlyCount "66"]
[EventDate "2018.09.06"]
[EventType "swiss"]
[EventRounds "5"]
[EventCountry "POR"]
[SourceTitle "EXT 2024"]
[Source "ChessBase"]
[SourceDate "2023.10.10"]
[SourceVersion "1"]
[SourceVersionDate "2023.10.10"]
[SourceQuality "1"]

1. e4 e5 2. Nf3 Nc6 3. Bc4 Nf6 4. Ng5 d5 5. exd5 Na5 6. Bb5+ Bd7 7. Nxf7 Kxf7 8. Bxd7 Qxd7 9. Nc3 Bc5 10. 0-0 Rhf8 11. d3 Kg8 12. Bg5 Nxd5 13. Nxd5 Qxd5 14. Qg4 Qf7 15. Bh4 Nc6 16. d4 Bxd4 17. c3 Bc5 18. Rad1 Ne7 19. Rd3 Rfd8 20. Rh3 Rf8 21. Bg3 Rad8 22. Qh4 Qg6 23. Re1 Nf5 24. Qh5 Qxh5 25. Rxh5 Nxg3 26. hxg3 Rde8 27. Kh1 Bxf2 28. Rf1 e4 29. Kh2 Bxg3+ 30. Kxg3 Rxf1 31. Kg4 Re6 32. Kg5 Rg6+ 33. Kh4 Rh1# 0-1

[Event "POR-ch Amateur U1600"]
[Site "Braga"]
[Date "2018.09.06"]
[Round "1"]
[White "Farias, David Nuno ME"]
[Black "Machado, Tiago Candido Leita"]
[Result "0-1"]
[WhiteElo "1183"]
[BlackElo "1473"]
[PlyCount "70"]
[EventDate "2018.09.06"]
[EventType "swiss"]
[EventRounds "5"]
[EventCountry "POR"]
[SourceTitle "EXT 2024"]
[Source "ChessBase"]
[SourceDate "2023.10.10"]
[SourceVersion "1"]
[SourceVersionDate "2023.10.10"]
[SourceQuality "1"]

1. e4 e5 2. Nc3 Nf6 3. Bc4 Bc5 4. Nf3 d6 5. 0-0 Bg4 6. Be2 Nc6 7. d3 h6 8. h3 Be6 9. Re1 Qd7 10. Na4 Bb6 11. Nxb6 axb6 12. Be3 0-0 13. c3 Ne7 14. Qc2 Qa4 15. b3 Qa5 16. d4 Ng6 17. d5 Bd7 18. Bd2 Nh7 19. Nh2 f5 20. c4 Qa7 21. Bf3 f4 22. a4 Qb8 23. Ra3 Qd8 24. Qa2 Qg5 25. a5 Bxh3 26. axb6 Bxg2 27. Bg4 Rxa3 28. Qxa3 cxb6 29. Qxd6 Nf6 30. Be6+ Kh8 31. Qxf8+ Nxf8 32. Bc8 Bf3+ 33. Ng4 Nxg4 34. Bb4 Ne3+ 35. Bg4 Qxg4+ 0-1